¿Qué hay de nuevo en las nuevas derechas? /
保存先:
| 第一著者: | |
|---|---|
| フォーマット: | テキスト |
| タグ: |
タグ追加
タグなし, このレコードへの初めてのタグを付けませんか!
|
MARC
| LEADER | 00000 a a2200000 04500 | ||
|---|---|---|---|
| 001 | 47275 | ||
| 003 | |||
| 040 | |||
| 100 | |a Giordano, Verónica | ||
| 245 | |a ¿Qué hay de nuevo en las nuevas derechas? / |c Verónica Giordano | ||
| 773 | |g número254, (2014), páginas 46-56 | ||
| 999 | |c 28374 |d 28374 | ||
